| 000 | 01159nam a2200181 4500 | ||
|---|---|---|---|
| 005 | 20260309123421.0 | ||
| 008 | 260309b |||||||| |||| 00| 0 eng d | ||
| 020 | _a9781107162648 | ||
| 037 | _cTextual | ||
| 040 |
_aRTL _cRTL |
||
| 084 | _qRTL | ||
| 245 | _aThe cambridge handbook of social theory | ||
| 260 |
_aNew York _bCambridge University Press _c2021 |
||
| 300 |
_axxiv, 440 p. _bIncludes bibliographical reference and index |
||
| 520 | _aThis ambitious two-volume handbook of social theory consists of forty original contributions. The researchers take stock of the state of social theory and its relationship to the canon, exploring such topics as the nature, purpose, and meaning of social theory; the significance of the classics; the impact of specific individual and theory schools; and more. Both volumes reflect a mixture of what intellectual historian Morton White distinguished as the 'annalist of ideas' and the 'analyst of ideas,' locating theoretical thought within the larger socio-historical context that shaped it - within the terrain of the sociology of knowledge. | ||
| 700 |
_aKivisto, Peter _eEditor |
||
| 942 |
_2CC _n0 _cTEXL |
||
| 999 |
_c1714961 _d1714961 |
||